| 000 | 00416nam a22001697a 4500 | ||
|---|---|---|---|
| 003 | OSt | ||
| 008 | 230522b |||||||| |||| 00| 0 eng d | ||
| 041 | _aeng | ||
| 082 |
_a630.21 _bCHA/TE |
||
| 100 |
_aChandrasekaran, B _95467 |
||
| 100 |
_aAnnadurai, K _91186 |
||
| 100 |
_aSomasundaram,E _94036 |
||
| 245 | _aTextbook of Agronomy | ||
| 260 |
_aNew delhi _bNew age publication _c2021 |
||
| 300 | _a835 | ||
| 942 | _cBK | ||
| 999 |
_c17700 _d17700 |
||